[Event "Leca da Palmeira op"]
[Site "Leca da Palmeira"]
[Date "2022.08.03"]
[Round "6"]
[White "Fernandes, Francisco Justo San"]
[Black "Mahitosh, Dey"]
[Result "0-1"]
[WhiteElo "1788"]
[BlackElo "2212"]
[PlyCount "50"]
[EventDate "2022.07.31"]
[EventType "swiss"]
[EventRounds "9"]
[EventCountry "POR"]
[SourceTitle "CBM 209 Extra"]
[Source "ChessBase"]
[SourceDate "2022.09.30"]
[SourceVersion "1"]
[SourceVersionDate "2022.09.30"]
[SourceQuality "1"]

1. e4 e5 2. Nf3 Nc6 3. Bb5 a6 4. Ba4 Bc5 5. 0-0 b5 6. Bb3 Nf6 7. Nxe5 Nxe5 8. d4 Bxd4 9. Qxd4 d6 10. Qd1 c5 11. c3 0-0 12. Bg5 Qb6 13. Bxf6 gxf6 14. Bd5 Rb8 15. f4 c4+ 16. Kh1 Nd3 17. Qe2 Be6 18. Nd2 Rbe8 19. Qf3 Bxd5 20. exd5 f5 21. Qg3+ Kh8 22. Rf3 Re2 23. Qh4 f6 24. Rxd3 cxd3 25. Nf3 Qf2 0-1